Геолого-геоморфологическая практика в Европейском Заполярье: учебное пособие

Detalhes bibliográficos
Autor Corporativo: Московский государственный университет им. М. В. Ломоносова (МГУ) Географический факультет
Outros Autores: Игнатов Е. И. (редактор), Лукашов А. А., Репкина Т. Ю., Романенко Ф. А.
Resumo:Изложены методические основы проведения специальной учебной геолого-геоморфологической практики на побережье Кандалакшского залива Белого моря и в Хибинских горах на Кольском полуострове. Рассмотрена история научных станций - баз практики, приведены основные сведения о геологическом строении, рельефе, физико-географических особенностях района практики. Подробно изложена методика маршрутных исследований на суше и берегах, морских геоморфологических работ в акватории. Большое внимание уделено работам со спутниковыми навигаторами и дешифрированию аэрокосмических материалов. Описана методика составления карт фактического материала, геоморфологических, морфоструктурных карт суши, берегов и акватории. Представлен также список радиоуглеродных датировок Беломорского полигона. Для студентов, аспирантов, преподавателей и научных сотрудников, участвующих в учебных и исследовательских работах на Европейском Севере.
Idioma:russo
Publicado em: Москва, КДУ, 2016
Assuntos:
Formato: Livro
KOHA link:https://koha.lib.tpu.ru/cgi-bin/koha/opac-detail.pl?biblionumber=317026

MARC

LEADER 00000nam0a2200000 4500
001 317026
005 20231102002931.0
010 |a 9785913046314 
010 |a 978-5-98227-994-1 
035 |a (RuTPU)RU\TPU\book\342494 
090 |a 317026 
100 |a 20160404d2016 m y0rusy50 ca 
101 0 |a rus 
102 |a RU 
105 |a a j 001zy 
200 1 |a Геолого-геоморфологическая практика в Европейском Заполярье  |e учебное пособие  |f Е. И. Игнатов [и др.]  |g Московский государственный университет им. М. В. Ломоносова (МГУ), Географический факультет ; под ред. Ф. А. Романенко 
210 |a Москва  |c КДУ  |c Университетская книга  |d 2016 
215 |a 176 с.  |c ил. 
320 |a Библиогр.: с. 140-143 
330 |a Изложены методические основы проведения специальной учебной геолого-геоморфологической практики на побережье Кандалакшского залива Белого моря и в Хибинских горах на Кольском полуострове. Рассмотрена история научных станций - баз практики, приведены основные сведения о геологическом строении, рельефе, физико-географических особенностях района практики. Подробно изложена методика маршрутных исследований на суше и берегах, морских геоморфологических работ в акватории. Большое внимание уделено работам со спутниковыми навигаторами и дешифрированию аэрокосмических материалов. Описана методика составления карт фактического материала, геоморфологических, морфоструктурных карт суши, берегов и акватории. Представлен также список радиоуглеродных датировок Беломорского полигона. Для студентов, аспирантов, преподавателей и научных сотрудников, участвующих в учебных и исследовательских работах на Европейском Севере. 
606 1 |a Геоморфология  |2 stltpush  |3 (RuTPU)RU\TPU\subj\6207  |9 34142 
606 1 |a Геологическая практика, учебная  |2 stltpush  |3 (RuTPU)RU\TPU\subj\68089  |9 83627 
610 1 |a геолого-геоморфологическая практика 
610 1 |a Европейское Заполярье 
610 1 |a научные стационары 
610 1 |a геологическое строение 
610 1 |a природные условия 
610 1 |a рельеф 
610 1 |a морфолитогенез 
610 1 |a полевые работы 
610 1 |a отчетные карты 
610 1 |a составление 
610 1 |a учебные пособия 
675 |a 551.4(075.8)  |v 4 
675 |a 55(075.8)  |v 4 
701 1 |a Игнатов  |b Е. И. 
701 1 |a Лукашов  |b А. А. 
701 1 |a Репкина  |b Т. Ю. 
701 1 |a Романенко  |b Ф. А. 
702 1 |a Романенко  |b Ф. А.  |4 340 
712 0 2 |a Московский государственный университет им. М. В. Ломоносова (МГУ)  |b Географический факультет  |2 stltpush  |3 (RuTPU)RU\TPU\col\7 
801 1 |a RU  |b 63413507  |c 20160404 
801 2 |a RU  |b 63413507  |c 20160708  |g RCR 
942 |c BK 
959 |a 32/20160331  |d 1  |e 314,60  |f ЧЗТЛ:1